[Event "United Insurance 6th"]
[Site "Dhaka"]
[Date "2003.03.20"]
[Round "13"]
[White "Rahman, Ziaur"]
[Black "Abdulla, Al Rakib"]
[Result "1-0"]
[WhiteElo "2542"]
[BlackElo "2405"]
[Annotator "Horn,Pe"]
[PlyCount "49"]
[EventDate "2003.03.08"]
[EventType "tourn"]
[EventRounds "13"]
[EventCountry "BAN"]
[EventCategory "9"]
[SourceTitle "CBM 095"]
[Source "ChessBase"]
[SourceDate "2003.07.25"]
[SourceVersion "1"]
[SourceVersionDate "2003.07.25"]
[SourceQuality "1"]

1. Nf3 d5 2. g3 c6 3. Bg2 Bg4 4. b3 Nd7 5. Bb2 Ngf6 6. O-O e6 7. d3 Bd6 8. Nbd2
O-O 9. h3 Bh5 10. Qe1 Re8 11. e4 e5 12. Nh4 {Eine Standardstellung im
Königsindischen Angriff.} a5 13. a3 dxe4 $146 {Bei einem frühzeitigen Tausch
verliert die Option Nxe4 an Attraktivität.} (13... Qb6) 14. dxe4 Qc7 (14... Nc5
$5) 15. Nf5 Bf8 (15... Bc5 {verhindert f4 nur zeitweise.} 16. Kh1) 16. f4 {
Weiß kennt keine Angst.} Bg6 17. Nh4 exf4 18. gxf4 Nd5 ({Die Öffnung des
Spiels nach} 18... Nxe4 19. Nxe4 f5 20. Nxg6 hxg6 21. Qg3 fxe4 22. Qxg6 {
dürfte dem weißen Läuferpaar gelegen kommen.}) 19. Qg3 Qb6+ ({Besser erscheint
mir} 19... Bc5+ 20. Kh1 (20. Kh2 Ne3) 20... Ne3 {. Wohl läßt dies g7 (das Ziel
des weißen Angriffs) ungeschützt und das schwarze Schicksal hängt am seidenen
Faden (das weiße übrigens auch), aber ich habe die Widerlegung nicht entdeckt.}
) 20. Kh1 Ne3 21. Rg1 Nxc2 (21... Rad8 {scheint auch nicht zu retten:} 22. f5
$1 (22. Rae1 Nf6 $1 $13) 22... Nf6 (22... Bh5 23. Bf3 Bxf3+ 24. Ndxf3 Rxe4 25.
Bxg7 Rg4 26. Bd4 $1 $18) 23. Bxf6 gxf6 (23... Rxd2 24. Bg5 $18) 24. Nc4 Nxc4
25. bxc4 $16) 22. Nc4 Qc5 $2 {Verliert noch ein Tempo.} (22... Qa7 23. Rac1 b5
24. Rxc2 bxc4 25. Nxg6 hxg6 26. Rxc4 $16) 23. Rac1 Nd4 $2 {Danach ist es
sofort aus.} (23... b5 24. Rxc2 bxc4 25. Rxc4 $16) 24. Bxd4 Qxd4 25. Rcd1 1-0

[Event "Bern op"]
[Site "Bern"]
[Date "1992.??.??"]
[Round "2"]
[White "Jurek, Josef"]
[Black "Ibragimov, Ildar"]
[Result "1/2-1/2"]
[WhiteElo "2315"]
[BlackElo "2515"]
[Annotator "Horn,Pe"]
[PlyCount "85"]
[EventDate "1992.02.??"]
[EventType "swiss"]
[EventRounds "9"]
[EventCountry "SUI"]
[SourceTitle "CBM 028"]
[Source "ChessBase"]
[SourceDate "1992.06.01"]
[SourceVersion "1"]
[SourceVersionDate "1992.06.01"]
[SourceQuality "1"]

1. Nf3 d5 2. g3 c6 3. Bg2 Bg4 4. b3 Nd7 5. Bb2 Ngf6 6. O-O e6 7. d3 Bd6 8. Nbd2
Qe7 {/\ Ba3} 9. a3 O-O 10. e4 e5 11. exd5 $5 (11. h3 Bh5 12. Qe1) (11. Qe1 {
/\ Nh4}) 11... cxd5 12. h3 Bh5 13. Re1 (13. Qe1 Rfe8 14. Nh4) 13... Rfe8 14. g4
Bg6 15. Nh4 (15. Nxe5 $2 Nxe5 16. d4 Qc7 17. dxe5 Bxe5 18. Bxe5 Rxe5 $15) 15...
Qd8 16. Nxg6 {/\ c4} hxg6 17. c4 Nc5 $5 18. Qc2 (18. Nf3 $2 e4 19. dxe4 dxe4
$17) 18... Ne6 $1 {><f4} 19. Bxe5 Bxe5 20. Rxe5 Nf4 $44 21. Rxe8+ Qxe8 22. Nf3
{/\ Re1} Qd7 23. Ne5 (23. Re1 $13) 23... Qe7 {><a3,><e5} 24. d4 Nd7 25. Nxd7 (
25. Nd3 $6 Nxg2 26. Kxg2 Qe4+) (25. Nf3 $5 $13) 25... Qxd7 26. Re1 $6 (26. c5
Re8 27. Bf1 $13) 26... dxc4 27. Qxc4 Rc8 28. Qb4 Nxg2 (28... Nd3 29. Re7 $16)
29. Kxg2 Qd5+ 30. Kg3 a5 31. Qd2 (31. Qa4 $5 Rc3+ (31... Qd6+ 32. Kg2 Qd5+ 33.
Kg1 (33. Kg3 $10) 33... Rc3 34. Qe8+ (34. Re3 $2 Rc1+ 35. Kh2 Qh1+ 36. Kg3 g5)
34... Kh7 35. Re3 Qxb3 (35... Rc1+ 36. Re1 Rxe1+ 37. Qxe1 Qxb3 $15)) 32. Re3
Rc1 (32... Rxe3+ 33. fxe3 Qe4 34. Kf2) 33. Qe8+ Kh7 34. Qe5 Rg1+ 35. Kf4) 31...
Qxb3+ 32. Re3 Qd5 33. Re5 Qd6 34. Qxa5 $1 Qxd4 (34... f6 35. Qd5+ Qxd5 36. Rxd5
Rc3+ $10) 35. Re3 $15 Kh7 36. Qb5 b6 37. Kg2 Rc1 38. Qg5 f6 39. Qh4+ Kg8 40.
Qg3 Qd1 41. Re8+ Kf7 42. Qe3 Qd5+ (42... Qh1+ $2 43. Kg3 Rg1+ 44. Kh4 g5+ 45.
Kh5 g6+ 46. Kh6 $18) 43. Qe4 1/2-1/2

[Event "Bern op"]
[Site "Bern"]
[Date "1992.??.??"]
[Round "3"]
[White "Schulze, Ulrich"]
[Black "Campora, Daniel Hugo"]
[Result "0-1"]
[WhiteElo "2420"]
[BlackElo "2550"]
[Annotator "Horn,Pe"]
[PlyCount "86"]
[EventDate "1992.02.??"]
[EventType "swiss"]
[EventRounds "9"]
[EventCountry "SUI"]
[SourceTitle "CBM 028"]
[Source "ChessBase"]
[SourceDate "1992.06.01"]
[SourceVersion "1"]
[SourceVersionDate "1992.06.01"]
[SourceQuality "1"]

1. Nf3 d5 2. g3 Bg4 3. Bg2 Nd7 4. c4 e6 5. O-O $2 (5. Qa4 c6 6. cxd5 Bxf3 7.
Bxf3 cxd5 $13 (7... exd5 8. d3 $14)) (5. cxd5 exd5 6. O-O) 5... Bxf3 6. Bxf3 (
6. exf3 $2 dxc4) 6... Ne5 $1 7. Qb3 Nxf3+ (7... Nxc4 8. Qxb7) 8. Qxf3 Nf6 9. d3
Be7 10. Nc3 O-O 11. cxd5 Nxd5 12. Bd2 $6 (12. Nxd5 exd5 $10) 12... c5 $1 $15
13. Rfc1 Qd7 14. Qg4 (14. a3 $5) 14... f5 15. Qa4 Qxa4 16. Nxa4 Rfc8 17. a3 (
17. e4 $6 Nb4 $1 18. Bxb4 cxb4 $17) 17... b5 18. Nc3 Bf6 $1 19. a4 $2 (19. Rc2
$1 {/\ Rac1} c4 20. dxc4 (20. Nxb5 cxd3 21. Rxc8+ Rxc8 22. exd3 Bxb2 23. Rb1
Rc2 $15) 20... Rxc4) (19. Nxd5 exd5 20. Rc2 c4 $17) (19. Rab1) 19... b4 20. Nd1
g5 21. Ra2 b3 22. Ra3 Rab8 23. e4 Ne7 24. Bc3 Bd4 25. Kf1 f4 26. h4 h6 27. hxg5
hxg5 28. Bxd4 $2 (28. gxf4 gxf4 29. Ke2) 28... cxd4 29. Rxc8+ Nxc8 30. gxf4
gxf4 31. a5 e5 32. f3 a6 33. Nf2 Kf7 34. Ng4 Ke6 35. Ke2 Nd6 36. Ke1 (36. Nh2
Rb5 37. Nf1 Nb7 38. Nd2 Nxa5) 36... Rb5 37. Kd2 Nf7 38. Nh2 Nd8 39. Ng4 Nc6 40.
Ra1 Rxa5 41. Rh1 Ra2 42. Rh6+ Kd7 43. Nf6+ Kd6 0-1

[Event "NED-ch52"]
[Site "Rotterdam"]
[Date "1997.06.24"]
[Round "4"]
[White "Van der Weide, Karel"]
[Black "Van der Sterren, Paul"]
[Result "1/2-1/2"]
[WhiteElo "2355"]
[BlackElo "2515"]
[Annotator "Horn,Pe"]
[PlyCount "87"]
[EventDate "1997.06.21"]
[EventType "tourn"]
[EventRounds "11"]
[EventCountry "NED"]
[EventCategory "12"]
[SourceTitle "CBM 060"]
[Source "ChessBase"]
[SourceDate "1997.09.29"]
[SourceVersion "1"]
[SourceVersionDate "1997.09.29"]
[SourceQuality "1"]

1. Nf3 d5 2. g3 Bg4 3. Bg2 Nd7 4. O-O c6 5. d3 Ngf6 6. Nbd2 e5 7. h3 Bh5 8. e4
dxe4 9. dxe4 Be7 10. Qe1 O-O 11. Nc4 Qc7 12. a4 Rfe8 13. Bd2 (13. Nh4 Rad8 14.
Bd2 Bg6 15. Bc3 Bc5 16. Nxg6 hxg6 17. a5 $14 {Gutman,L-Rodriguez,O/New York op/
1987}) 13... Rad8 (13... Bf8 14. Bc3 Bxf3 15. Bxf3 b5 16. axb5 $14 {
Gutman-Smejkal/BRD/1987}) 14. Bc3 (14. Nh4 $5 {-> Gutman-Rodriguez. Ich hätte
gern gesehen, wer zuerst von dieser Partie abgewichen wäre.}) 14... Bxf3 15.
Bxf3 Bc5 {[%cal Yc5d4]} 16. Rd1 {Da der Zug Bd4 nicht verhindert, frage ich
mich, ob es nicht nützlichere Züge gibt.} (16. a5 $5 Bd4 17. Bd2 (17. Bb4)) (
16. Bg2) 16... Bd4 17. Bb4 (17. Bxd4 $2 exd4 18. Rxd4 $140 $4 Ne5 $19) 17...
Bc5 18. Bc3 Nb6 {Stünde der R noch auf a1, könnte man dem mit Ne3 begegnen.}
19. Rxd8 (19. Nxb6 Rxd1 20. Qxd1 Bxb6 $11) 19... Qxd8 20. Nxe5 $2 {Weiß ist
des trockenen Tons satt. Der Zug ist aber ein Spiel mit dem Feuer.} (20. Nxb6
Bxb6 $11 (20... Qxb6 $6 21. b4)) 20... Nxa4 21. Nd3 Bd4 (21... Nxc3 22. Nxc5 $1
(22. Qxc3 Bd4 23. Qb4 Qd7 $36 (23... Qb6 $11)) 22... Ncxe4 23. Nxe4 Nxe4 24.
Bxe4 Qe7 25. Bxh7+ Kxh7 26. Qxe7 Rxe7 27. Ra1 $11) (21... Bb6 22. Be5 Nc5 (
22... Bd4 23. Bxd4 Qxd4 {->Partie}) 23. Nxc5 Rxe5 24. Nd3 $11) 22. Bxd4 Qxd4
23. e5 Nd7 (23... Nc5 24. Qe3 $1 (24. Nxc5 Qxc5 $17 {[%csl Re5]}) (24. Qc3 Qxc3
25. bxc3 Nxd3 $17) (24. Qd1 Nxd3 25. exf6 Ne5 $17) 24... Qxe3 25. fxe3 Nxd3 26.
exf6 Nb4 27. Rd1 $1 $132) 24. Qa1 $1 {eine hübsche Rettung} a6 (24... Nxe5 $4
25. Nxe5 Rxe5 26. Rd1 $18) 25. b4 Qxa1 (25... Nc3 $5 26. Re1 Nxe5 $140 $2 27.
Nxe5 Rxe5 28. Rd1 $18) 26. Rxa1 Nc3 27. Bg4 (27. Bg2 f6 $15) 27... Nxe5 28. Re1
{[%cal Rf2f4]} f5 $8 29. Rxe5 (29. Bh5 g6 30. f4 gxh5 31. fxe5 Ne4 $17) 29...
Rxe5 30. Nxe5 fxg4 31. hxg4 {In diesem Endspiel muß Weiß um das Remis kämpfen,
da Schwarz Chancen hat, einen entfernten Freibauern (Pa6) zu bilden.} Na2 (
31... Na4 $5 {[%cal Yc6c5]} 32. Nd3 Kf7 33. f4 $11) (31... Kf8 $5 32. f4 Ke7
33. Kf2 c5 34. bxc5 Ne4+ 35. Ke3 Nxc5) 32. Nd3 Kf7 33. f4 h6 (33... Ke6 34. g5)
34. Kf2 Ke6 35. c4 b6 36. Ke3 a5 (36... Kd6 {[%cal Yc6c5]}) 37. bxa5 bxa5 38.
Kd4 Nb4 39. Nc5+ Ke7 40. Kc3 Na2+ 41. Kb2 Nb4 42. Kc3 (42. Kb3 Kd6 43. Nb7+ Kc7
44. Nxa5 Nd3 $11 {[%cal Yd3f2]}) 42... Na2+ 43. Kb2 Nb4 44. Kc3 1/2-1/2

[Event "CZE-ch"]
[Site "Zlin"]
[Date "1997.??.??"]
[Round "10"]
[White "Cvek, Robert"]
[Black "Meduna, Eduard"]
[Result "1/2-1/2"]
[WhiteElo "2340"]
[BlackElo "2460"]
[Annotator "Horn,Pe"]
[PlyCount "70"]
[EventDate "1997.06.12"]
[EventType "tourn"]
[EventRounds "11"]
[EventCountry "CZE"]
[EventCategory "10"]
[SourceTitle "CBM 061"]
[Source "ChessBase"]
[SourceDate "1997.11.23"]
[SourceVersion "1"]
[SourceVersionDate "1997.11.23"]
[SourceQuality "1"]

1. b3 d5 2. Bb2 Bg4 3. Nf3 Nf6 4. g3 Nbd7 5. Bg2 e6 6. O-O c6 7. d3 Bd6 8. Nbd2
O-O 9. h3 Bh5 10. Qe1 Re8 11. e4 e5 12. Nh4 Bg6 {Das ist ein gewisses
Zugeständnis; die Top-Spieler (Kramnik, Dreev z.B.) tendieren eher dazu, den
Bh5 noch einige Zeit auf dem Brett zu behalten.} (12... a5) (12... Qc7) (12...
Nf8) (12... Nc5) 13. Nxg6 hxg6 14. Qe2 a5 $146 (14... Qc7 15. exd5 cxd5 16. c4
dxc4 17. Nxc4 Bc5 18. Rac1 Rac8 19. Rfe1 Qb8 20. a3 Bd4 21. b4 b6 22. Qd2 a6
23. Bxd4 exd4 24. Rxe8+ Rxe8 25. Qb2 b5 26. Na5 Ne5 27. Nc6 Qd6 28. Qxd4 Qxd4
29. Nxd4 $16 {Jadoul,M-Van Houtte,T/Brussels OHRA op 1987/TD 87\05/1-0 (44)})
15. exd5 (15. a3 $5 {Weiß konnte natürlich auch die Spannung im Zentrum
aufrecht erhalten.}) 15... Nxd5 {Das ist eigentlich die prinzipielle Neuerung
gegenüber Jadoul-Van Houtte: der Bauernblock Pb7/c6 soll die Wirksamkeit des
Bg2 einschränken. Schwarz hat jetzt zwar einen leichten Raumvorteil im Zentrum,
der aber durch die stark wirkenden B mindestens aufgewogen wird.} (15... cxd5
16. c4 $16) 16. Ne4 {Hier und im folgenden gibt es für beide Seiten einige
Freiheiten; der beste Weg ist nicht leicht zu bestimmen.} (16. a3 $5 {In jedem
Fall ein nützlicher Zug, während der Nd2 ja noch andere Optionen hat.}) (16. c4
) 16... Bf8 (16... Bc7 17. c4 (17. a3)) 17. a3 (17. c4 N5f6 (17... Nc7 $5 {
[%cal Yc7e6]}) 18. Rad1 (18. a3 Nc5 $132) 18... a4 $132) 17... Nc5 18. Rad1 (
18. Rfe1) 18... Qc7 19. Nxc5 (19. Rfe1 Ne6 20. c4) 19... Bxc5 20. Rfe1 Qd7 (
20... Rad8 21. Bxe5 $16) 21. Qg4 {Danach verflacht das Spiel. Vielleicht kam
das Cvek angesichts des Elo-Unterschieds ganz gelegen.} (21. Qd2 $5 {Wenn Weiß
das Spiel offen halten wollte, scheint das eine brauchbare Fortsetzung zu sein.
} Bd4 $140 $6 (21... Qf5 22. c4 Nc7 23. Rxe5 Rxe5 24. Bxe5 Qxe5 25. d4 $14) (
21... f6) (21... Qd6) 22. c3 $16) 21... Qxg4 22. hxg4 Bd4 {nimmt Weiß das
B-Paar ab} (22... f6 23. Re4 (23. Be4)) 23. Bxd4 {Weiß hat nichts besseres,
als in ein Remisendspiel abzuwickeln.} exd4 24. Bxd5 (24. Kf1 Nc3 $15) 24...
cxd5 25. Rxe8+ Rxe8 26. Kf1 Rc8 27. Rd2 b5 (27... a4 28. bxa4 Rc3 29. Re2 $11)
28. Re2 f6 (28... a4 29. bxa4 bxa4 30. Re5 $11) 29. Ke1 a4 (29... Kf7 30. Kd2
a4 31. bxa4 bxa4 32. Kc1 $11) 30. bxa4 bxa4 31. Re7 Rxc2 (31... Rc3 32. Kd2
Rxa3 33. Rd7 Ra1 34. Rxd5 $16) 32. Ra7 Rc3 33. Rxa4 Rxd3 34. Ke2 Rb3 35. Rxd4
Rxa3 1/2-1/2

[Event "Bern op"]
[Site "Bern"]
[Date "1992.??.??"]
[Round "3"]
[White "King, Daniel J"]
[Black "Sher, Miron Naumovich"]
[Result "1/2-1/2"]
[WhiteElo "2505"]
[BlackElo "2475"]
[Annotator "Horn,Pe"]
[PlyCount "128"]
[EventDate "1992.02.??"]
[EventType "swiss"]
[EventRounds "9"]
[EventCountry "SUI"]
[SourceTitle "CBM 028"]
[Source "ChessBase"]
[SourceDate "1992.06.01"]
[SourceVersion "1"]
[SourceVersionDate "1992.06.01"]
[SourceQuality "1"]

1. g3 d5 2. Nf3 c6 3. Bg2 Bg4 4. b3 Nd7 5. Bb2 Qc7 6. d4 Bxf3 7. exf3 e6 8. O-O
Ngf6 9. Nd2 (9. f4 $5 h6 $13) 9... g5 $5 10. c4 Be7 (10... Bd6 11. c5 Be7 12.
b4) 11. Re1 Nf8 12. Rc1 Ng6 13. a3 a5 14. Nf1 Kf8 15. Ne3 Kg7 16. Qd3 Rad8 (
16... a4 17. b4 dxc4 18. Qxc4 {/\ d5+/-}) 17. Rc2 h5 $2 {><g5} 18. Bc1 h4 19.
Nf1 Nh5 20. cxd5 $1 {Langfristig vorbereitet: Nf6 mußte vertrieben werden.}
exd5 (20... Rxd5 21. f4 gxf4 22. Bxd5 exd5 23. g4 $16) 21. Ne3 Bf6 22. Rce2 (
22. Nf5+ Kf8) 22... Rhe8 $2 23. f4 $2 (23. Nf5+ $1 Kf8 24. Rxe8+ Rxe8 25. Rxe8+
Kxe8 26. f4 $1 gxf4 $2 (26... Kf8 27. fxg5 $18) (26... Ng7 27. fxg5 $18) 27.
Qe2+ $18) 23... Rxe3 $1 (23... gxf4 $2 24. Nf5+ Kf8 25. Rxe8+ Rxe8 26. Rxe8+
Kxe8 27. Qe2+ $18) 24. Qxe3 hxg3 25. fxg5 (25. hxg3 gxf4 26. gxf4 Nhxf4 $44)
25... gxh2+ 26. Kh1 Be7 27. Qf3 Rh8 28. Qg4 Bf8 29. Re8 Nhf4 30. Qg3 Qd6 31.
Bf1 Rh4 32. a4 Ne6 33. Qxd6 Bxd6 34. Bd2 Nxd4 35. Bxa5 (35. Bc3 $5 $13) 35...
Ne6 (35... Nf4 36. R1e3) (35... Nxb3 36. Rb1 Nd4 37. Rxb7 Rg4 38. Bg2 Nh4 39.
Bc3 (39. Rd7 Rxg2 40. Rxd6 Rg1+ 41. Kxh2 Nhf3+ 42. Kh3 Nxg5+ 43. Kh2 (43. Kh4
Nf5+) 43... Ndf3#) 39... Nxg2) 36. Bd3 $2 d4 $2 (36... Nxg5 37. Bd8 (37. Rd8
Bf4 38. Rd7 Nh3 39. Bc3+ Kh6 40. Rf1 Rg4) (37. Bc3+ $2 d4) 37... f6 38. Bxg6
Kxg6 $17 (38... Nh3 39. R8e2 (39. Bf5 Nxf2+ 40. Kg2 h1=Q+ 41. Rxh1 Nxh1) 39...
Rg4 40. f4 $8 Bxf4 41. Rg2 Rxg6 $17)) 37. Bc4 Nxg5 38. Bd8 Bf4 (38... f6 $2 39.
Rg8+ Kh7 40. Bxf6) 39. Rd1 Nh3 40. Bxh4 Nxh4 41. Re2 Nf5 42. Bd3 Nd6 43. b4 Kf6
44. Kg2 Ng5 45. Bb1 (45. Rh1 $5 {/\ Rxh2+/-}) 45... Ne6 46. Ba2 Nf5 47. Kh1 Bd6
48. Rb2 Nc7 49. Bb1 Ne7 50. Be4 Be5 51. Rb3 Ke6 52. b5 cxb5 53. axb5 b6 54. Rc1
Kd6 55. Bd3 Ne6 56. Bc4 Nc5 57. Rh3 f6 58. Rh8 Ne4 59. Rc2 Nc3 60. Bd3 Ned5 61.
Bf1 Nc7 62. Rh4 N7d5 63. Rh8 Nc7 64. Rh4 N7d5 1/2-1/2

[Event "Bled op 13th"]
[Site "Bled"]
[Date "1992.??.??"]
[Round "8"]
[White "Rashkovsky, Nukhim N"]
[Black "Sulava, Nenad"]
[Result "0-1"]
[WhiteElo "2520"]
[BlackElo "2405"]
[Annotator "Horn,Pe"]
[PlyCount "62"]
[EventDate "1992.03.??"]
[EventType "swiss"]
[EventRounds "9"]
[EventCountry "SLO"]
[SourceTitle "CBM 029"]
[Source "ChessBase"]
[SourceDate "1992.08.01"]
[SourceVersion "1"]
[SourceVersionDate "1992.08.01"]
[SourceQuality "1"]

1. g3 d5 2. Bg2 c6 3. Nf3 Bg4 4. b3 Nd7 5. Bb2 e6 6. O-O h5 $6 7. d3 (7. h4 $5)
7... h4 8. Nxh4 (8. h3 Bxf3 9. exf3 $14) (8. c4 $14) 8... Rxh4 9. gxh4 Qxh4 10.
Qe1 (10. f4) 10... Qh5 11. Nc3 (11. f3 $2 Bd6 12. fxg4 Bxh2+ 13. Kh1 Qh7 14.
Rf2 Be5+ 15. Kg1 Bxb2) (11. f4 Bxe2 12. Rf2 Bg4 13. Nd2 $13) 11... Bd6 12. f4
g5 $1 13. Qg3 (13. e3 d4 14. exd4 Bxf4 15. Rxf4 gxf4 16. Ne4) 13... gxf4 14.
Rxf4 (14. Qf2 O-O-O {/\ Ngf6->}) 14... Bxf4 15. Qxf4 e5 16. Qb4 (16. Qf2 O-O-O
$17) 16... O-O-O 17. Nxd5 Bh3 $2 (17... cxd5 18. Bxd5 Nb6 (18... b6 19. Qd6 Nb8
20. Bb7+ Kxb7 21. Qxd8 Nh6) 19. Bxf7 $1 (19. Qc5+ Kb8) (19. Bg2 f6 20. Qe4 Rd7
$17) 19... Qxf7 (19... Qg5 20. Qc5+ Kd7 (20... Kb8 21. Qxe5+ Qxe5 22. Bxe5+ $14
) 21. Qxe5 $13) 20. Qxg4+ $13) 18. Bf3 Qg6+ (18... Qg5+ 19. Kf2 (19. Kh1 cxd5
20. Bxd5 Nb6 21. Bf3 f6 22. Rg1 Qe3) 19... cxd5 20. Bxd5 Nb6 21. Rg1 Qf4+ 22.
Qxf4 exf4 23. Bxf7 $13) 19. Kf2 cxd5 20. Bxd5 Qf6+ (20... Qb6+ 21. Qxb6 Nxb6
22. Bxf7 Rf8 (22... Nh6 23. Bg6 Nd7 $13) 23. Kg3 Rxf7 24. Kxh3 Nd7 $13) (20...
Nb6 21. Bf3 Qd6 22. Qxd6 Rxd6 23. Bxe5 $13) 21. Kg3 Nb6 22. Qc5+ Kb8 23. Bf3 {
/\ Bxe5+-} (23. Kxh3 Nxd5 $19) 23... Nd5 (23... Qg5+ 24. Kxh3 f6 25. Rg1 $18) (
23... Nd7 24. Qb5 b6 25. Qd5 Kc7 26. Qb7+ Kd6 27. Qc6+ Ke7 28. Ba3+ Nc5 29.
Bxc5+ bxc5 30. Qxc5+ $18) (23... Re8 24. Kxh3 Nh6 25. Kg2) 24. Bxd5 Qf4+ 25.
Kxh3 Nf6 {/\ Qg4#} 26. Bf3 Ng4 (26... Rh8+ 27. Kg2 Ng4) 27. Kg2 (27. Bxg4 $2
Rh8+ 28. Kg2 Rxh2+ 29. Kg1 Qg3+ 30. Kf1 Rh1+ $19) 27... Rh8 28. Kf1 $2 (28. h3
Qh2+ 29. Kf1 Qxh3+ 30. Ke1 Qg3+ 31. Kd1 Nf2+ 32. Kd2 $18) 28... Nxh2+ 29. Ke1 (
29. Kf2 Nxf3 (29... Ng4+ $2 30. Ke1 Qg3+ 31. Kd1 $18) 30. Qd6+ Ka8 31. exf3
Rh2+ $19) 29... Nxf3+ 30. exf3 Rh1+ 31. Ke2 Rh2+ 0-1

[Event "USA-ARM"]
[Site "Glendale"]
[Date "1994.??.??"]
[Round "2"]
[White "Vaganian, Rafael A"]
[Black "Kaidanov, Gregory S"]
[Result "1-0"]
[WhiteElo "2625"]
[BlackElo "2645"]
[Annotator "Horn,Pe"]
[PlyCount "157"]
[EventDate "1994.05.??"]
[EventType "team"]
[EventRounds "4"]
[EventCountry "USA"]
[SourceTitle "CBM 042"]
[Source "ChessBase"]
[SourceDate "1994.10.01"]
[SourceVersion "1"]
[SourceVersionDate "1994.10.01"]
[SourceQuality "1"]

1. Nf3 d5 2. g3 c6 3. Bg2 Bg4 4. O-O Nd7 5. d3 Ngf6 6. Nbd2 e5 7. e4 Bd6 8. h3
Bh5 9. exd5 cxd5 10. c4 O-O (10... d4 $13 {King-Ivanov/Gausdal/1993}) 11. cxd5
Nxd5 12. Qb3 N5f6 13. Nc4 $146 (13. Ne4 Nxe4 14. dxe4 Nc5 15. Qd5 Bxf3 16. Bxf3
Qf6 17. Bg2 Rfd8 18. Be3 Bf8 19. Qc4 Nd3 $10 {Norwood-Adams/BCF-ch/1989}) (13.
Qxb7 $6 Nc5 14. Qb5 Rb8 15. Qc4 Bg6 16. Ne1 Rc8 $44) 13... Nc5 14. Qa3 Bxf3 15.
Bxf3 Be7 16. Nxe5 Ncd7 17. Qc3 Rc8 18. Qe1 (18. Qd4 $6 Bc5 19. Qf4 Nxe5 20.
Qxe5 Qxd3 (20... Re8 21. Qf5) 21. Bxb7 Bd4 22. Qg5 h6 23. Qf4 Rc2 $44) 18...
Bc5 19. Nxd7 Qxd7 20. Kg2 b6 (20... Qxd3 $6 21. Bxb7 Rce8 22. Qc3) 21. Bg5 Qf5
22. Qd2 Bd4 23. Be3 Rcd8 24. Rad1 Rd7 25. Rfe1 Rfd8 26. Bf4 (26. Bxd4 Rxd4 27.
Re3 $14) 26... Nd5 27. Bg5 (27. Bg4 $2 Nxf4+ 28. gxf4 Qd5+) 27... Nf6 $8 28.
Re2 h6 29. Bxf6 Bxf6 30. Rde1 Qb5 (30... Qxd3 $4 31. Qxd3 Rxd3 32. Re8+ Rxe8
33. Rxe8+ Kh7 34. Be4+ $18) (30... Rxd3 $4 31. Re8+ Kh7 32. Qxd3 Qxd3 33. Be4+
$18) 31. Qc2 Qc5 32. Qa4 g6 33. Rc2 (33. Re8+ Kg7 34. Rxd8 Rxd8 35. Qxa7 Bxb2
$14) 33... Qd4 34. Qxd4 Rxd4 35. Be4 $14 Bg7 36. g4 Bf8 37. f4 Bc5 38. Rf1 Kg7
39. f5 R4d6 40. Kf3 R8d7 41. Ke2 Rd8 42. Rfc1 R8d7 (42... Bd4 $14) 43. b3 Rd8
44. Rc4 Rd4 45. fxg6 fxg6 (45... Rxc4 $14) 46. Rxc5 $5 bxc5 47. Rxc5 R8d7 48.
Ke3 R4d6 49. Ra5 Re7 $2 (49... g5 $16) 50. b4 Rde6 51. Kd4 Rd7+ 52. Kc4 Kf6 (
52... Rde7 $5 {/\ Re5} 53. a4 Re5 54. Rxe5 Rxe5 55. b5 Kf6 56. a5 (56. Bb7 Ke7
57. a5 Kd6 58. d4 Re1) (56. Bd5 Ke7 57. Kc5 Re1 (57... Re3 $2 58. Bc4 Rxh3 $2
59. a5 $18) 58. a5 Ra1 59. a6 Kd7 $10) 56... a6 $1 57. bxa6 Rxa5 58. Bb7 Ke5
59. Kb4 Ra2 60. Kc5 Rc2+ (60... g5 $2 61. d4+ Ke6 62. d5+ Kd7 63. Kb6 Rb2+ 64.
Ka7 Kc7 65. d6+ Kxd6 66. Kb8 $18) 61. Kb6 Kd6 62. Ka7 Kc7 63. d4 Rd2 64. d5 $10
) 53. a4 Rc7+ 54. Kb3 Ke7 55. Rb5 Kd8 56. a5 Rc1 $2 (56... g5) 57. g5 hxg5 (
57... h5 58. Rb7 Rc7 59. Rb8+ Rc8 60. Rxc8+ Kxc8 61. h4 $16) 58. Rxg5 Ke7 59.
h4 $18 (59. Bxg6 Re3 60. Bf5 Kf6 61. Rh5 Ke5) (59. Rxg6 Rxg6 60. Bxg6 Kf6 61.
Be8) 59... Rb1+ 60. Kc3 Rc1+ 61. Kb2 Re1 62. Bxg6 R6e2+ 63. Kc3 Rc1+ 64. Kd4
Rb2 65. Rb5 Rcb1 66. Kc3 Rh2 67. Rb7+ Kd6 68. Rxa7 Rxh4 69. Be4 Rh2 70. Rb7 Ke5
71. Rb5+ Kd6 72. Kd4 Ra1 73. Rg5 Kc7 74. Kc5 Rc2+ 75. Kb5 Rb2 76. a6 Rab1 77.
Rc5+ Kd6 78. Rc4 Ra1 79. Kb6 1-0

[Event "Interzonal-15"]
[Site "Manila"]
[Date "1990.??.??"]
[Round "5"]
[White "Damljanovic, Branko"]
[Black "Anand, Viswanathan"]
[Result "1-0"]
[WhiteElo "2515"]
[BlackElo "2610"]
[Annotator "Horn,Pe"]
[PlyCount "109"]
[EventDate "1990.06.29"]
[EventType "swiss"]
[EventRounds "13"]
[EventCountry "PHI"]
[SourceTitle "CBM 019"]
[Source "ChessBase"]
[SourceDate "1990.12.01"]
[SourceVersion "1"]
[SourceVersionDate "1990.12.01"]
[SourceQuality "1"]

1. Nf3 d5 2. g3 Nf6 3. Bg2 c6 4. d3 Bf5 5. O-O h6 6. c4 dxc4 7. Ne5 Nbd7 (7...
cxd3 $2 8. Qb3) (7... Qc8 $2 8. Nxc4 Bh3 9. Qb3 Bxg2 10. Kxg2 e6 11. Bf4 Be7
12. Bd6 $16 {Rukavina-Nikolic, Vrnjacka Banja 1986}) 8. Nxc4 e6 9. Bd2 (9. Bf4
{Rukavina}) 9... Be7 10. b4 $16 O-O 11. a3 Nb6 12. Na5 Qd7 13. Nc3 e5 14. Re1
Bh3 15. Bf3 Rac8 16. Rc1 Nbd5 17. Nc4 Qe6 18. e4 Nb6 19. Na5 Rfd8 20. Be3 Rd7
21. Ne2 Rcd8 22. Qc2 Ng4 23. Rcd1 Nxe3 24. fxe3 Bg5 25. Nc1 Qe7 26. Ncb3 Rc7
27. d4 g6 28. Bg2 Bg4 29. Rb1 h5 30. h3 Bc8 31. Qf2 h4 32. g4 Rd6 33. Nd2 Na4
34. Nf3 b5 (34... Nc3 $5 35. Nxe5 (35. Nxg5 Nxb1 36. Qxh4 f6) (35. Nc4 Rd8 36.
Ncxe5 Nxb1 37. Rxb1 $146) 35... Nxb1 36. Rxb1 $146) 35. Qc2 Bf6 36. g5 Bxg5 37.
Nxe5 c5 38. bxc5 Nxc5 39. Nac6 Rdxc6 40. Nxc6 Rxc6 41. Rxb5 Qc7 42. Rxc5 Qg3
43. Qf2 Rxc5 44. Qxg3 hxg3 45. dxc5 Kf8 46. Bf1 Bd7 47. Kg2 Bh4 48. Be2 Bf6 49.
Rd1 Ke7 50. Rd6 Be5 51. Ra6 Bb8 52. Bg4 Be8 53. e5 g5 54. Kxg3 Bxe5+ 55. Kf3
1-0